Experiments in electronics / (Record no. 9182)
[ view plain ]
| 000 -LEADER | |
|---|---|
| fixed length control field | 00718cam a2200229 a 4500 |
| 001 - CONTROL NUMBER | |
| control field | 9182 |
| 003 - CONTROL NUMBER IDENTIFIER | |
| rucl marc code | BD-RjUL |
| 005 - DATE AND TIME OF LATEST TRANSACTION | |
| control field | 20211208234731.0 |
| 008 - FIXED-LENGTH DATA ELEMENTS--GENERAL INFORMATION | |
| fixed length control field | 140120s1972 xnaa 00010 eng d |
| 020 ## - INTERNATIONAL STANDARD BOOK NUMBER | |
| International Standard Book Number | 0070931232 : |
| 035 ## - SYSTEM CONTROL NUMBER | |
| System control number | (BD-RjUL)9227 |
| 040 ## - CATALOGING SOURCE | |
| Original cataloging agency | BD-RjUL |
| Language of cataloging | eng |
| Transcribing agency | BD-RjUL |
| 041 ## - LANGUAGE CODE | |
| Language code of text/sound track or separate title | eng |
| 082 0# - DEWEY DECIMAL CLASSIFICATION NUMBER | |
| Classification number | 537.5028 |
| Edition number | 19 |
| Author mark and year | LOE 1972 |
| 100 1# - MAIN ENTRY--PERSONAL NAME | |
| Personal name | Lowe, James F. |
| Fuller form of name | (James Fred) |
| 9 (RLIN) | 28492 |
| 245 10 - TITLE STATEMENT | |
| Title | Experiments in electronics / |
| Statement of responsibility, etc. | by James F. Lowe. |
| 260 ## - PUBLICATION, DISTRIBUTION, ETC. (IMPRINT) | |
| Place of publication, distribution, etc. | Sydney : |
| Name of publisher, distributor, etc. | McGraw-Hill, |
| Date of publication, distribution, etc. | 1972. |
| 300 ## - PHYSICAL DESCRIPTION | |
| Pagination | xiv, 111 p. : |
| Illustrations | ill. ; |
| Size | 25 cm. |
| 650 #7 - SUBJECT ADDED ENTRY--TOPICAL TERM | |
| Topical term or geographic name as entry element | Electronics. Experiments. Laboratory manuals. Secondary school texts. |
| Source of heading or term | precis. |
| 9 (RLIN) | 28493 |
| Topical term or geographic name as entry element | Electronics |
| General subdivision | Laboratory manuals. |
| 9 (RLIN) | 28494 |
| 942 ## - ADDED ENTRY ELEMENTS (KOHA) | |
| Source of classification or shelving scheme | Dewey Decimal Classification |
| Koha item type | Books |
| Lost status | Source of classification or shelving scheme | Damaged status | Not for loan | Collection code | Permanent Location | Current Location | Shelving location | Date acquired | Source of acquisition | Total Checkouts | Full call number | Date last seen | Copy number | Koha item type |
|---|---|---|---|---|---|---|---|---|---|---|---|---|---|---|
| Dewey Decimal Classification | Non-fiction | Central Library, University of Rajshahi | Central Library, University of Rajshahi | 09/06/1977 | W. U. S Gift | 537.5028 LOE 1972 | 20/01/2014 | C-2 | Books |